Nariadenie EP a Rady (ES) č. 1923/2006 z 18. decembra 2006 a jeho aplikácia pri postupoch prevencie ...

Bibliographic Details
Main Authors: Sokol, J. (Author), Pliešovský, Ján (Author), Juriš, Peter, 1956- (Author), Žúrek, A. (Author), Rajský, Dušan, 1950- (Author), Golian, Jozef, 1966- (Author)
Format: Article
Language:Slovak
PhysicalDescription:Mp., tab.
ISSN:1335-0099
Subjects:

MARC

LEADER 00000nab a2200000 a 4500
001 vtls009289089
003 SK-MaSNL
005 20260304232926.0
008 250507c2008 xo |||||||||||000 b|slo
015 |a SNBRB2008/04  |2 snkbucl 
035 |a (uuid)d23ba413-5b54-425f-bd7d-fcb1ec9d0808 
035 |a urn:nbn:sk:snk-ab12bt 
035 |a (urnnbn)urn:nbn:sk:snk:ar-a03uz1 
038 |a SNKBUCL 
040 |a SNKBUCL  |b slo  |c SNKBUCL  |e AACR2 
041 0 |a slo 
044 |a xo  |c SK 
080 |a 614.91  |x (4)  |2 1997 
080 |a 351.77  |x (4)  |2 1997 
080 |a 616.831-022.6-084  |x (4)  |2 1997 
080 |a 614.4  |x (4)  |2 1997 
080 |a 636.09:616.831-022.6-084  |x (4)  |2 1997 
080 |a 341.11(4)  |2 1997 
245 0 0 |a Nariadenie EP a Rady (ES) č. 1923/2006 z 18. decembra 2006 a jeho aplikácia pri postupoch prevencie ...  |c J. Sokol ... [et al.] 
300 |b Mp., tab. 
610 2 7 |a Európsky parlament  |2 snkbucl  |9 29808 
610 2 7 |a Európska únia.  |b Rada  |2 snkbucl 
650 0 7 |a prevencia ochorení  |2 snkbucl  |9 69501 
650 0 7 |a kontrola  |2 snkbucl  |9 343175 
650 0 7 |a transmisívne spongiformné encefalopatie  |2 snkbucl  |9 1568049 
650 0 7 |a nariadenia  |2 snkbucl  |9 712142 
700 1 |a Sokol, J.  |4 aut  |9 273853 
700 1 |a Pliešovský, Ján  |4 aut  |9 389096 
700 1 |a Juriš, Peter,  |d 1956-  |4 aut  |9 12993 
700 1 |a Žúrek, A.  |4 aut  |9 833078 
700 1 |a Rajský, Dušan,  |d 1950-  |4 aut  |9 106685 
700 1 |a Golian, Jozef,  |d 1966-  |4 aut  |9 256685 
773 0 |t Slovenský veterinársky časopis = Slovak veterinary journal  |g Roč. XXXIII, č. 1 (2008), s. 12-15  |x 1335-0099 
850 |a Slovenská národná knižnica 
852 |a Slovenská národná knižnica 
954 |a odborná, vedecká literatúra pôvodná (slovenská)  |2 lita 
958 |a article27 
958 |a MI 
958 |a OND 
958 |a EUIPO 
999 |c 3196136  |d 3198066